Vista normal Vista MARC

Entrada Materia (tema)

Número de registros utilizados en: 2

001 - CONTROL NUMBER

  • control field: 124755

003 - CONTROL NUMBER IDENTIFIER

  • control field: Co-BoUCM

005 - DATE AND TIME OF LATEST TRANSACTION

  • control field: 20211020094817.0

008 - FIXED-LENGTH DATA ELEMENTS

  • fixed length control field: 211020|| aca||aabn | a|a d

040 ## - CATALOGING SOURCE

  • Original cataloging agency: Co-BoUCM
  • Transcribing agency: Co-BoUCM

150 ## - HEADING--TOPICAL TERM

  • Topical term or geographic name as entry element: Franquicias (Comercio minorista)
  • Geographic subdivision: Estados Unidos

670 ## - SOURCE DATA FOUND

  • Source citation: Work cat.: (Co-BoUCM)32788: Diez de Castro, Enrique Carlos 81540, Práctica la franquicia, 1998